00349nam a22001217a 450000500170000002000230001703500230004003700130006310000160007624500630009226000480015530000240020320180723152726.0 a8180690628c300.00 aB-167429, B-167428 aDPLbENG aSingh. S.K. aPanchayati raj finances in Madhya Pradesh /cby S.K. Singh aNew DelhibConcept Publishing Companyc2004 axiv, 162p.c20 cms.